000 00889nam a2200217 a 4500
005 20221118063932.0
008 991125 mx 000 0 spa u
020 _a9682916658
035 _aUPN01000036678
049 _aSEP
050 4 _aLB1578 A3.39
_bS2.4 1987 LM
100 1 _aSánchez Gómez, Pablo
_929933
245 1 0 _aManual para la enseñanza de la lecto-escritura en lengua mazahua, Estado de México :
_blibro del maestro : primer grado, Estado de México
_bprimer grado, Estado de México /
_cPablo Sánchez Gómez, Balbino Carrillo Basilio
260 _aMéxico :
_bSEP, Dirección General de Educación Indígena
300 _a88 p. :
_bil.
500 _a"Educación indígena bilingüe bicultural"
650 4 _aCartilla mazahua
_98083
700 1 _aCarrillo Basilio, Balbino,
_ecoaut.
710 1 _aMéxico.
_bDirección General de Educación Indígena
905 _aLibro
999 _c36678
_d36678